|
|
|
|
| LEADER |
00000cam a2200000 7i4500 |
| 001 |
0000008746 |
| 002 |
000009537 |
| 005 |
20000330.0 |
| 020 |
|
|
|a 0893340375
|
| 090 |
0 |
0 |
|a 155.4124
|b NEU
|
| 100 |
1 |
|
|a Neuman, Susan B
|
| 245 |
1 |
0 |
|a Exploring feelings :
|b activities for young children
|c Susan B. Neuman and Renee P. Panoff
|
| 260 |
|
|
|a Atlanta :
|b Humanics ,
|c 1994
|
| 300 |
|
|
|a 226 p. :
|b ill ;
|c 30 cm.
|
| 650 |
0 |
0 |
|a Education, Preschool
|
| 650 |
0 |
0 |
|a Emotions
|
| 650 |
0 |
0 |
|a Preschool children
|
| 700 |
1 |
|
|a Panoff, Ranee P
|
| 999 |
|
|
|a 040265
|b BUKU
|c PINJAMAN
|e PERPUSTAKAAN KOMUNITI PETALING JAYA
|